000 00824nam a22002777a 4500
003 CHAP
005 20220329135631.0
008 971013s1957 r 00010 d
010 _a39670
011 _a40642
035 _a44768
040 _cCHAP
082 _a635.933135
_bM6
100 0 0 _aMoore, Harold E., Jr.
_978071
245 _aAfrican violets, gloxinias, and their relatives a guide to the cultivated gesneriads
260 _aNew York :
_bMacMillan,
_c1957
300 _a323 p.
_b: ilus
590 _aBATCH-UPD
_b10
_c20130110
_lUCH01
_h1818
590 _aCONVERSION
_b10
_c20130109
_lUCH01
_h1322
650 1 4 _aGesneriaceas.
_947797
650 1 4 _aGloxinias.
_948329
650 1 4 _aVioletas.
_9119893
901 _aBK
942 _cLIBRO
949 _a635.933135 M6
_bBC
_cLIBRO
_d-102554
_eLIBRO
_h71280
_i44768
_mD
_si
999 _c39670
_d39670